[Event "Lovfalds 11th D"]
[Site "Ringsted"]
[Date "1997.09.20"]
[Round "3"]
[White "Christensen, Henrik Baek"]
[Black "Skytt, Soren"]
[Result "1-0"]
[WhiteElo "1322"]
[BlackElo "1000"]
[PlyCount "27"]
[EventDate "1997.09.19"]
[EventType "swiss"]
[EventRounds "5"]
[EventCountry "DEN"]
[SourceTitle "EXT 2023"]
[Source "ChessBase"]
[SourceDate "2022.10.05"]
[SourceVersion "1"]
[SourceVersionDate "2022.10.05"]
[SourceQuality "1"]

1. d4 d5 2. c4 dxc4 3. Nc3 Nf6 4. Qa4+ Bd7 5. Qxc4 b5 6. Nxb5 Bxb5 7. Qxb5+ Nbd7 8. Qa4 e6 9. Bg5 Bd6 10. e4 Be7 11. Bxf6 Bxf6 12. e5 Bg5 13. Bb5 0-0 14. Bxd7 1-0

[Event "Lovsprings op 09th E"]
[Site "Ringsted"]
[Date "1997.03.14"]
[Round "1"]
[White "Christensen, Knud"]
[Black "Skytt, Soren"]
[Result "1-0"]
[WhiteElo "1251"]
[BlackElo "1000"]
[PlyCount "36"]
[EventDate "1997.03.14"]
[EventType "swiss"]
[EventRounds "7"]
[EventCountry "DEN"]
[SourceTitle "EXT 2023"]
[Source "ChessBase"]
[SourceDate "2022.10.05"]
[SourceVersion "1"]
[SourceVersionDate "2022.10.05"]
[SourceQuality "1"]

1. e4 e5 2. Nf3 Nc6 3. Nc3 Nf6 4. Bc4 d6 5. d3 Bg4 6. Be3 Bxf3 7. Qxf3 Be7 8. g4 Qd7 9. h3 0-0-0 10. g5 g6 11. gxf6 Bxf6 12. Qxf6 b6 13. Qxf7 Qxf7 14. Bxf7 Rhf8 15. Bd5 Ne7 16. Bg5 Nxd5 17. Bxd8 Kxd8 18. Nxd5 Kd7 1-0

[Event "Lovsprings op 08th E"]
[Site "Ringsted"]
[Date "1996.04.19"]
[Round "6"]
[White "Skytt, Soren"]
[Black "Andersen, Poul Erik"]
[Result "0-1"]
[WhiteElo "1000"]
[BlackElo "1093"]
[PlyCount "54"]
[EventDate "1996.03.08"]
[EventType "swiss"]
[EventRounds "7"]
[EventCountry "DEN"]
[SourceTitle "EXT 2023"]
[Source "ChessBase"]
[SourceDate "2022.10.05"]
[SourceVersion "1"]
[SourceVersionDate "2022.10.05"]
[SourceQuality "1"]

1. d4 d5 2. Nf3 Nc6 3. Bf4 Bf5 4. a3 g6 5. e3 Bh6 6. Bxh6 Nxh6 7. Bd3 Qd7 8. Nc3 Bg4 9. h3 Bxf3 10. Qxf3 e6 11. 0-0 0-0 12. Ne2 e5 13. Qg3 e4 14. Bb5 Nf5 15. Qg4 Qd6 16. Ng3 Nce7 17. Nh5 Kh8 18. Qg5 gxh5 19. Qxh5 Rg8 20. Be2 Ng7 21. Qh4 f5 22. Bh5 Nxh5 23. Qxh5 Rg6 24. b4 Rag8 25. g3 Rxg3+ 26. fxg3 Qxg3+ 27. Kh1 Qg2# 0-1

[Event "Lovsprings op 07th E"]
[Site "Ringsted"]
[Date "1995.03.24"]
[Round "3"]
[White "Skytt, Soren"]
[Black "Henriksen, Mikkel"]
[Result "0-1"]
[WhiteElo "1000"]
[BlackElo "1102"]
[PlyCount "64"]
[EventDate "1995.03.10"]
[EventType "swiss"]
[EventRounds "7"]
[EventCountry "DEN"]
[SourceTitle "EXT 2023"]
[Source "ChessBase"]
[SourceDate "2022.10.05"]
[SourceVersion "1"]
[SourceVersionDate "2022.10.05"]
[SourceQuality "1"]

1. d4 Nf6 2. Nf3 g6 3. Bf4 Bg7 4. Nc3 d6 5. e3 0-0 6. Bc4 d5 7. Bb3 Kh8 8. 0-0 Ng8 9. Nxd5 Na6 10. Re1 e6 11. Nc3 f6 12. Nd2 g5 13. Bg3 e5 14. d5 f5 15. Qh5 h6 16. Qd1 f4 17. exf4 exf4 18. Bxf4 Rxf4 19. Nde4 Nb4 20. g3 Rf5 21. a3 Bxc3 22. bxc3 Nxd5 23. Qd4+ Kh7 24. Nd2 c6 25. Re2 Qf6 26. Qxf6 Ngxf6 27. Bxd5 Nxd5 28. Rae1 Rf7 29. Ne4 Re7 30. Nf6+ Kg6 31. Rxe7 Nxe7 32. Re6 Bxe6 0-1